| 000 | 00755cam a2200253u 4500 | ||
|---|---|---|---|
| 999 |
_c234569 _d234569 |
||
| 001 | 7931785 | ||
| 003 | Nust | ||
| 005 | 20170324120610.0 | ||
| 008 | 821203s1955 enk 000 0 eng | ||
| 010 | _a 56015691 | ||
| 020 | _a9788129107503 | ||
| 040 |
_aDLC _cCarP _dDLC |
||
| 050 | 0 | 0 |
_aPR2825.A2 _bB7 1955 |
| 082 |
_a823 _bSHA |
||
| 100 | 1 |
_aShakespeare, William, _d1564-1616. |
|
| 245 | 1 | 4 | _aThe Merchant of Venice. |
| 260 |
_aLondon, _bMethuen _c2005 |
||
| 300 |
_alviii, 118 p. _c22 cm. |
||
| 650 | 0 |
_aJews _zItaly _vDrama. |
|
| 650 | 0 |
_aMoneylenders _vDrama. |
|
| 651 | 0 |
_aVenice (Italy) _vDrama. |
|
| 655 | 7 |
_aComedies. _2gsafd |
|
| 700 | 1 |
_aBrown, John Russell, _eed. |
|
| 906 |
_a0 _bcbc _cpremunv _du _encip _f19 _gy-gencatlg |
||
| 942 |
_2ddc _cBK |
||